| 000 | 01006nam a2200265 a 4500 | ||
|---|---|---|---|
| 001 | 000021970 | ||
| 005 | 20250621074006.0 | ||
| 008 | 100915s1997 xxub 001 0 eng d | ||
| 020 | _a1563249367 | ||
| 040 |
_aDO-SdBNP _bspa _cBNPHU |
||
| 082 |
_a972.9302 _bC174q |
||
| 100 | 1 |
_aCambeira, Alan _945553 |
|
| 245 | 1 | 0 |
_aQuisquella la bella : _bthe Dominican Republic in historial and cultural perspective / _cAlan Cambeira. |
| 260 |
_aNew York : _bM. E. Sharpe, _c1997. |
||
| 300 |
_a272 p. ; _c24 cm. |
||
| 500 | _aIncluye índice | ||
| 500 | _aIncluye referencias bibliográficas y notas al pie de las páginas | ||
| 504 | _aBibliografía : 257-260 | ||
| 590 | _aInventariado, 2020/MF | ||
| 651 | 4 |
_aRepública Dominicana _xHistoria _9170 |
|
| 651 | 0 |
_aRepública Dominicana _xPolítica y gobierno _945 |
|
| 651 | 4 |
_aRepública Dominicana _xVida Social Y Costumbres _9405 |
|
| 651 | 0 |
_aRepública Dominicana -- _xHistoria -- _yColonia, 1503-1844 _911397 |
|
| 910 | _aValidado. Control de calidad MMOLINA | ||
| 999 |
_c21468 _d21468 |
||